Normal view
MARC view
Entry Personal Name
001 - CONTROL NUMBER
- control field: 1632
003 - CONTROL NUMBER IDENTIFIER
- control field: OSt
005 - DATE AND TIME OF LATEST TRANSACTION
- control field: 20230614133531.0
008 - FIXED-LENGTH DATA ELEMENTS
- fixed length control field: 230614|| aca||aabn | a|a d
040 ## - CATALOGING SOURCE
- Original cataloging agency: OSt
- Transcribing agency: OSt
100 ## - HEADING--PERSONAL NAME
- Personal name: Pugel, Thomas A
670 ## - SOURCE DATA FOUND
- Source citation: Work cat.: (OSt)9679: Pugel, Thomas A., International economics / , 2012.
